Un fiocco di neve nella mia mano

Guardado en:
Detalles Bibliográficos
Autor principal: Samantha Mooney
Formato: Libro
Lenguaje:lengua desconocida
Publicado: Geo
Etiquetas: Agregar Etiqueta
Sin Etiquetas, Sea el primero en etiquetar este registro!

MARC

LEADER 00000nam a2200000Ia 4500
001 R-593
003 CODICE-MESSINA
005 20260212102454.0
008 260211s9999 xx 000 0 und d
040 |c importazione_messina 
100 |a Samantha Mooney 
245 0 |a Un fiocco di neve nella mia mano 
260 |b Geo 
942 |2 ddc  |c BK 
952 |0 0  |1 0  |2 ddc  |4 0  |6 SCAFFALE_5_000000000000000__ROMANZI  |7 0  |9 31414  |a ME  |b ME  |d 2026-02-11  |l 0  |o SCAFFALE 5 - ROMANZI  |p R-593  |r 2026-02-11 23:52:32  |w 2026-02-11  |x [REVISIONARE]  |y BK 
999 |c 27079  |d 27079